Voyages en Amérique Latine (Record no. 11039)

MARC details
000 -CABECERA
campo de control de longitud fija 00963nam a22002417a 4500
001 - NÚMERO DE CONTROL
campo de control BRCA_9417
003 - IDENTIFICADOR DEL NÚMERO DE CONTROL
campo de control FranzMayer
005 - FECHA Y HORA DE LA ÚLTIMA TRANSACCIÓN
campo de control 20230918130133.0
008 - DATOS DE LONGITUD FIJA--INFORMACIÓN GENERAL
campo de control de longitud fija 230906b |||||||| |||| 00| 0 eng d
040 ## - FUENTE DE LA CATALOGACIÓN
Centro catalogador/agencia de origen MFM
Lengua de catalogación ESPAÑOL
Centro/agencia transcriptor MFM
050 #0 - SIGNATURA TOPOGRÁFICA DE LA BIBLIOTECA DEL CONGRESO
Número de clasificación G153.L29
Número de documento/Ítem M66 2002
110 1# - ENTRADA PRINCIPAL--NOMBRE DE ENTIDAD CORPORATIVA
Código de función/relación Responsable
Nombre de entidad corporativa o nombre de jurisdicción como elemento de entrada Le monde des Ameriques
9 (RLIN) 29628
240 ## - TÍTULO UNIFORME
Título uniforme Voyages en Amérique Latine
Medio Avril 2001-Mars 2002
Lenguaje de la obra Francés
245 0# - MENCIÓN DE TÍTULO
Título Voyages en Amérique Latine
Resto del título Avril 2001-Mars 2002
260 ## - PUBLICACIÓN, DISTRIBUCIÓN, ETC.
Lugar de publicación, distribución, etc. Paris, Francia
Nombre del editor, distribuidor, etc. Le monde des Ameriques
Fecha de publicación, distribución, etc. 2002
300 ## - DESCRIPCIÓN FÍSICA
Extensión 50 p
Otras características físicas Ilustraciones
Dimensiones 24 cm
500 ## - NOTA GENERAL
Nota general Anexo 1
500 ## - NOTA GENERAL
Nota general Incluye una hoja desprendida al inicio del documento.
505 ## - NOTA DE CONTENIDO CON FORMATO
Nota de contenido con formato Texto en: españolIncluye índice temáticoDirigido a: viajeros, personas con interés en viajar a América Latina
650 1# - PUNTO DE ACCESO ADICIONAL DE MATERIA--TÉRMINO DE MATERIA
Fuente del encabezamiento o término Geografía
Término de materia o nombre geográfico como elemento de entrada Viajes
Subdivisión de forma Guías turísticas
9 (RLIN) 29629
651 2# - PUNTO DE ACCESO ADICIONAL DE MATERIA--NOMBRE GEOGRÁFICO
Fuente del encabezamiento o término Continente americano
Nombre geográfico América Latina
Subdivisión de forma Abril 2001-Marzo 2002
9 (RLIN) 29630
942 ## - ELEMENTOS DE PUNTO DE ACCESO ADICIONAL (KOHA)
Fuente del sistema de clasificación o colocación Library of Congress Classification
Tipo de ítem Koha Hemerográfico
Holdings
Estado de retiro Estado de pérdida Fuente del sistema de clasificación o colocación Estado dañado No para préstamo Código de colección Localización permanente Ubicación/localización actual Fecha de adquisición Total de préstamos Signatura topográfica completa Código de barras Fecha visto por última vez Precio válido a partir de Tipo de ítem Koha
El ejemplar forma parte de la colección y puede ser consultado según las políticas vigentes.   Library of Congress Classification     Fondo Contemporáneo Biblioteca del Museo Franz Mayer (Rogerio Casas-Alatriste) Biblioteca del Museo Franz Mayer (Rogerio Casas-Alatriste) 06/09/2023   G153.L29 M66 2002 CONT10190 06/09/2023 06/09/2023 Hemerográfico